| 000 | 00712nam a2200205Ia 4500 | ||
|---|---|---|---|
| 041 | _aguj | ||
| 082 |
_aર.૧૦ _bયાજ્ઞિક |
||
| 245 | 0 |
_aગુજરાતી આદિવાસી લોકસાહિત્ય _cGujarati Aadivasi Loksahitya |
|
| 250 | _a1st ed. | ||
| 260 |
_aGandhinagar _bGujarat Sahitya Academy _c2011 |
||
| 300 | _a631 p. | ||
| 500 | _aFolk Tribal Literatue of Gujarat | ||
| 650 | _aFolklore | ||
| 650 | _aલોકસાહિત્ય | ||
| 650 | _aગુજરાતી ભાષા અને સાહિત્ય | ||
| 700 |
_aયાજ્ઞિક, હસુ _eedt |
||
| 700 | _aYagnik, Hasu | ||
| 942 | _cBK | ||
| 008 | 190320s9999||||xx |||||||||||||| ||und|| | ||
| 999 |
_c26227 _d26227 |
||